| 000 | 00463nam a22001457a 4500 | ||
|---|---|---|---|
| 003 | macl | ||
| 005 | 20181009171211.0 | ||
| 008 | 181009b xxu||||| |||| 00| 0 eng d | ||
| 040 | _cmacl | ||
| 100 |
_aढींगरा, सुधा ओम _965589 |
||
| 245 | _aकमरा नंबर 103 | ||
| 260 |
_aबिजनौर _bहिंदी साहित्य निकेतन _c2013 |
||
| 650 |
_aकहानियॉं _973017 |
||
| 942 |
_2ddc _cHIN |
||
| 999 |
_c58410 _d58410 |
||